Online
Catalog

Panorama de la literatura nicaragüense / (Record no. 3266)

MARC details
000 -CABECERA
campo de control de longitud fija 00646cam a2200193 a 4500
001 - NÚMERO DE CONTROL
campo de control 000003436
005 - FECHA Y HORA DE LA ÚLTIMA TRANSACCIÓN
campo de control 20200929150437.0
008 - DATOS DE LONGITUD FIJA--INFORMACIÓN GENERAL
campo de control de longitud fija 800613s1986 nq b 001 f spa
040 ## - FUENTE DE LA CATALOGACIÓN
Centro catalogador/agencia de origen DO-SdBNP
Lengua de catalogación spa
Centro/agencia transcriptor BNPHU
082 ## - NÚMERO DE LA CLASIFICACIÓN DECIMAL DEWEY
Número de clasificación N860.4
Número de documento/Ítem A679p, 1986
100 1# - ENTRADA PRINCIPAL--NOMBRE DE PERSONA
Nombre de persona Arellano, Jorge Eduardo,
Fechas asociadas al nombre 1946-
9 (RLIN) 10715
245 10 - MENCIÓN DE TÍTULO
Título Panorama de la literatura nicaragüense /
Mención de responsabilidad, etc. Jorge Eduardo Arellano.
250 ## - MENCIÓN DE EDICIÓN
Mención de edición 5a ed.
260 ## - PUBLICACIÓN, DISTRIBUCIÓN, ETC.
Lugar de publicación, distribución, etc. Managua :
Nombre del editor, distribuidor, etc. Nueva Nicaragua,
Fecha de publicación, distribución, etc. 1986.
300 ## - DESCRIPCIÓN FÍSICA
Extensión 197 p. ;
Dimensiones 19 cm.
440 #0 - MENCIÓN DE SERIE/PUNTO DE ACCESO ADICIONAL--TÍTULO
Título Biblioteca popular Sandinista ;
Designación de volumen o secuencia 14
9 (RLIN) 10716
504 ## - NOTA DE BIBLIOGRAFÍA, ETC.
Nota de bibliografía, etc. Bibliografía: p. 161-166.
650 #4 - PUNTO DE ACCESO ADICIONAL DE MATERIA--TÉRMINO DE MATERIA
Término de materia o nombre geográfico como elemento de entrada Literatura nicaragüense
Subdivisión general Historia y crítica
9 (RLIN) 10717
Holdings
Estado de retiro Estado de pérdida Restricciones de uso No para préstamo Código de colección Localización permanente Ubicación/localización actual Ubicación en estantería Fecha de adquisición Número de inventario Total de préstamos Signatura topográfica completa Código de barras Fecha visto por última vez Precio válido a partir de Tipo de ítem Koha
    Préstamo interno   Monografías: Libros y Folletos General General Depósito 08.07.2009 LF1   N860.4 A679p, 1986 3436-10 25.06.2020 25.06.2020 Préstamo interno

Powered by Koha